История России в XIX веке: Энциклопедия в 4-х томах

Podrobná bibliografie
Další autoři: Озеров И. А.
Jazyk:ruština
Vydáno: Москва, Центрполиграф, 2001-
Médium: MixedMaterials Kniha
KOHA link:https://koha.lib.tpu.ru/cgi-bin/koha/opac-detail.pl?biblionumber=45323

MARC

LEADER 00000nam1a2200000 4500
001 45323
005 20231031023846.0
035 |a (RuTPU)RU\TPU\book\47113 
090 |a 45323 
100 |a 20021209d2001 m y0rusy50 ca 
101 0 |a rus 
102 |a RU 
200 1 |a История России в XIX веке  |e Энциклопедия в 4-х томах  |f Худ. оформл.: И. А. Озерова 
210 |a Москва  |c Центрполиграф  |d 2001- 
702 1 |a Озеров  |b И. А.  |4 130 
801 1 |a RU  |b 63413507  |c 20021209  |g PSBO 
801 2 |a RU  |b 63413507  |c 20030422  |g PSBO 
942 |c BK